000 00736nam a2200253Ia 4500
001 Para_651
003 CHAP
008 220125s1996 xx 000 0 und d
010 _a199411
040 _cCHAP
090 _aPA FOLLETO 3383
100 _aValdéz Barron, Emilia
_9164653
245 _aCaña de azúcar :
_b factores del cultivo-cosecha en la composición del jugo /
_c por Emilia Valdéz Barrón, [y otros]
260 _aChapingo, Méx. :
_b UACh
300 _a58 p.
650 _aCaña de azucar
_x subproductos
_918648
901 _aPA FOLLETO 3383
902 _aA
905 _a0000001996 0000000000 00
910 _a1996
942 _cPARA
942 _cPARA
_d1
999 _c199411
_d199411